ბათუმის შოთა რუსთაველის სახელმწიფო უნივერსიტეტის ბიბლიოთეკა

პრე - და პუბერტულ ასაკში პაროდონტის ქსოვილში მატრიქსული მეტალოპროტეინაზების და IV ტიპის კოლაგენის შემცველობის კვლევა გინგივიტის ადრეული დიდაგნოსტიკისა და პროგნოზისთვის / (ბიბ.ჩანაწერი № 51882)

000 -ლიდერი
ფიქსირებული სიგრძის საკონტროლო ველი 01824nam a2200229Ia 4500
001 - საკონტროლო ნომერი
საკონტროლო ველი 18881
003 - საკონტროლო ნომრის იდენტიფიკატორი
საკონტროლო ველი GE_BSU
005 - ბოლო ოპერაციის თარიღი და დრო
საკონტროლო ველი 20210413143111.0
008 - ფიქსირებული სიგრძის მონაცემთა ელემენტები - ზოგადი ინფორმაცია
ფიქსირებული სიგრძის საკონტროლო ველი 181216s2014||||ge |||||||||||||| ||geo||
040 ## - კატალოგიზაციის წყარო
Transcribing agency GE_BSU
041 ## - ენის კოდი
Language code of text/sound track or separate title geo
080 ## - უნივერსალური ათობითი კლასიფიკაციის ინდექსი
Universal Decimal Classification number 61 ხ-55
100 ## - მთავარი ჩანაწერი - პიროვნების სახელი
Personal name ხიმშიაშვილი, ნინო
9 (RLIN) 11302
245 ## - ცნობა სათაურის შესახებ
Title პრე - და პუბერტულ ასაკში პაროდონტის ქსოვილში მატრიქსული მეტალოპროტეინაზების და IV ტიპის კოლაგენის შემცველობის კვლევა გინგივიტის ადრეული დიდაგნოსტიკისა და პროგნოზისთვის /
Statement of responsibility, etc ნინო ხიმშიაშვილი; მეცნ. ხელმძღვანელი თ. შიშნიაშვილი; თბილისის სახელმწიფო სამედიცინო უნ-ტი.
264 ## - წარმოების, გამოცემის, დისტრიბუციის და სხვა ცნობები
გამოცემის, წარმოების, დისტრიბუციის... ადგილი თბილისი,
გამოცემის, წარმოების, დისტრიბუციის... თარიღი 2014.
300 ## - ფიზიკური აღწერა
Extent 160 გვ. ;
Other physical details 30 სმ.
653 ## - INDEX TERM--UNCONTROLLED
Uncontrolled term დისერტაცია
653 ## - INDEX TERM--UNCONTROLLED
Uncontrolled term მედიცინა
653 ## - INDEX TERM--UNCONTROLLED
Uncontrolled term პრე- და პუბერტულ ასაკში პაროდონტის ქსოვილში მატრიქსული მეტალოპროტეინაზების და IV ტიპის კოლაგენის შემცველობის კვლევა გინგივიტის ადრეული დიდაგნოსტიკისა და პროგნოზისთვის
700 ## - ADDED ENTRY--PERSONAL NAME
Personal name შიშნიაშვილი, თ.
Relator term მეცნ. ხელმძღვანელი
9 (RLIN) 11303
942 ## - ADDED ENTRY ELEMENTS (KOHA)
Koha item type წიგნი
Source of classification or shelving scheme
ეგზემპლარები
ჩამოწერის სტატუსი დაკარგული ეგზემპლარის სტატუსი კლასიფიკაციის წყარო ან თაროზე გაწყობის სქემა დაზიანების სტატუსი არ გაიცემა მუდმივი მდებარეობა (დაცვის ადგილი) ამჟამინდელი ადგილსამყოფელი თაროზე განთავსების ადგილი შეძენის თარიღი სრული შენახვის შიფრი შტრიხკოდი ბოლო ოპერაციის თარიღი ეგზემპლარის მიმდევრობითი ნომერი (კეტერი?) ფასის ძალაში შესვლის თარიღი ეგზემპლარის სახეობა
          ბათუმის შოთა რუსთაველის სახელმწიფო უნივერსიტეტის მთავარი ბიბლიოთეკა ბათუმის შოთა რუსთაველის სახელმწიფო უნივერსიტეტის მთავარი ბიბლიოთეკა წიგნსაცავი 2018-12-17 61 ხ-55 201 დისერტ. 2018-12-17 201 2018-12-17 დისერტაცია